| 000 | 02107nam0a2200349 4500 | ||
|---|---|---|---|
| 001 | RU\NLR\bibl\1496338 | ||
| 005 | 20260407222819.0 | ||
| 010 |
_a978-5-7944-1347-2 _9200 |
||
| 021 |
_aRU _b2010-10796 _9711 |
||
| 035 | _a(NLR Aleph) 001487834 | ||
| 090 |
_a1744506 _c1744506 |
||
| 100 | _a20100409d2009 |||y0rusy50 ca | ||
| 101 | 0 | _arus | |
| 102 | _aRU | ||
| 105 | _aac ||||||||| | ||
| 200 | 1 |
_aБотанические исследования на Урале _eматериалы Региональной с международным участием научной конференции, посвященной памяти П.Л. Горчаковского _fотв. ред. С.А. Овеснов |
|
| 210 |
_aПермь _cПермский государственный университет _d2009 |
||
| 215 |
_a397 с. _cил., портр. _d29 |
||
| 300 | _aВ надзаг.: Федер. агентство по образованию, Гос. образоват. учреждение высш. проф. образования "Перм. гос. ун-т", Перм. отд-ние Рус. ботан. о-ва | ||
| 320 | _aБиблиогр. в конце докл. | ||
| 606 | 1 |
_aБотанические исследования _jСъезды, совещания и т.п. _yУрал _91214664 _3RU\NLR\auth\66175132 |
|
| 686 | _aЕ585.9(2Р36) | ||
| 702 | 1 |
_4570 _7ca _8rus _aГорчаковский _bП. Л. _f1920-2008 _gПавел Леонидович _9248285 _3RU\NLR\AUTH\770248341 |
|
| 702 | 1 |
_4340 _8rus _7ca _aОвеснов _bС. А. _gСергей Александрович _3RU\NLR\auth\774152 _9114137 |
|
| 711 | 1 | 2 |
_a"Ботанические исследования на Урале", региональная с международным участием научная конференция _f2009 _eПермь _3RU\NLR\AUTH\8810150350 _9795357 |
| 801 | 0 |
_aRU _bNLR _c20100409 _gRCR |
|
| 801 | 1 |
_aRU _bNLR _c20100409 |
|
| 942 | _cBOOK | ||
| 980 | _aNB | ||
| 980 | _aNBR | ||